Methods of test for elastomeric threads. Part 1. Rubber threads. (Record no. 73121)

MARC details
000 -LEADER
fixed length control field 00361nam a2200121Ia 4500
245 #0 - TITLE STATEMENT
Title Methods of test for elastomeric threads. Part 1. Rubber threads.
260 ## - PUBLICATION, DISTRIBUTION, ETC. (IMPRINT)
Year of publication 1976
500 ## - GENERAL NOTE
General note Standard number: BS 5421 Part 1 ISO 2321; 1975
650 ## - SUBJECT ADDED ENTRY--TOPICAL TERM
Topical Term Elastomeric threads
650 ## - SUBJECT ADDED ENTRY--TOPICAL TERM
Topical Term Rubber threads
942 ## - ADDED ENTRY ELEMENTS (KOHA)
Koha item type Standards
Holdings
Withdrawn status Lost status Damaged status Not for loan Collection code Home library Current library Date acquired Koha item type
      Standards British standards RRII Library RRII Library 31/12/2021 Standards